Random African Capital to Country - Statistics

General Stats
  • This quiz has been taken 101,392 times
  • The average score is 7 of 10
Answer Stats
Capital City Country % Correct
Cairo Egypt
98%
Algiers Algeria
97%
Djibouti Djibouti
97%
Pretoria, Cape Town, and Bloemfontein South Africa
97%
Tunis Tunisia
97%
Nairobi Kenya
96%
São Tomé São Tomé and Príncipe
95%
Bissau Guinea-Bissau
92%
Rabat Morocco
91%
Addis Ababa Ethiopia
90%
Tripoli Libya
90%
Kinshasa D. R. Congo
85%
Dakar Senegal
85%
Khartoum Sudan
84%
Mogadishu Somalia
83%
Accra Ghana
82%
Abuja Nigeria
82%
Antananarivo Madagascar
81%
Brazzaville Rep. of the Congo
81%
Windhoek Namibia
79%
Luanda Angola
75%
Kampala Uganda
73%
Harare Zimbabwe
73%
Ouagadougou Burkina Faso
72%
Monrovia Liberia
72%
N'Djamena Chad
71%
Freetown Sierra Leone
70%
Kigali Rwanda
68%
Juba South Sudan
68%
Yaoundé Cameroon
67%
Niamey Niger
65%
Bamako Mali
64%
Victoria Seychelles
63%
Lomé Togo
63%
Conakry Guinea
62%
Port Louis Mauritius
62%
Maputo Mozambique
62%
Asmara Eritrea
61%
Yamoussoukro Ivory Coast
61%
Lilongwe Malawi
61%
Nouakchott Mauritania
61%
Dodoma Tanzania
61%
Libreville Gabon
60%
Porto-Novo / Cotonou Benin
59%
Lusaka Zambia
59%
Gaborone Botswana
58%
Praia Cape Verde
58%
Bangui Central African Republic
53%
Mbabane Eswatini
53%
Moroni Comoros
52%
Banjul Gambia
51%
Gitega Burundi
49%
Maseru Lesotho
49%
Ciudad de la Paz Equatorial Guinea
47%
No matching quizzes found
Score Distribution
Percent of People with Each Score
Percentile by Number Answered
Your Score History
You have not taken this quiz